000
00293nam a2200121Ia 4500
008
190216s9999||||xx |||||||||||||| ||und||
100
_a
Waghmare Y R
245
0
_a
Introductory Quantum Mechanics
260
_b
S Chand & Co
_c
1962
300
_a
426p
650
_a
Chemistry-Chemistry
942
_c
BK
999
_c
2735
_d
2735